00255nam a2200097Ia 4500008004100000100002300041245005100064260002200115300000800137650001200145190216s9999||||xx |||||||||||||| ||und|| aJoshi Deep Chandra 0aQuantum Electro Dynamics And Practical Physics bI.K.International a550 aPhysics